000 01017cam a22002291 4500
001 sa 68019825
003 DLC
005 20260227112720.0
008 900926s1969 ii 000 0 eng
010 _asa 68019825
025 _aPL489:I-F-E-56
040 _aDLC
_cDLC
_dDLC
050 0 0 _aZ5055.I6
_bA546
082 0 0 _a013/.37/509542
100 0 _aJāfara Razā,
_d1939-
245 1 0 _aDoctorate theses of the University of Allahabad:
_ba bibliography from 1887 to 1967 of the recipients of doctorate degrees from the Faculties of Arts, Science. Commerce and Law of the University of Allahabad, with the years award and the titles of their theses.
_cCompiled by Jafar Raza.
260 _a[Allahabad]
_bUniversity of Allahabad,
_c1969.
300 _axii, 99 p.
_c25 cm.
490 1 _aUniversity of Allahabad studies (new series);
_vv. 1, nos. 1-6
610 2 0 _aUniversity of Allahabad
_xDissertations.
810 1 _aAllahabad.
_bUniversity of Allahamad.
_tUniversity of Allahabad studies (new series);
_vv. 1, nos. 1-6.
999 _c89097
_d89097